| Поле | Инд. | ПП | Название | Значение |
|---|---|---|---|---|
| Тип записи | a | |||
| Библиографический уровень | a | |||
| 001 | Контрольный номер | RU/IS/BASE/135777640 | ||
| 005 | Дата корректировки | 20231227091530.7 | ||
| 084 | a | Индекс другой классификации/Индекс ББК | 81.067; 81г | |
| 090 | 00 | a | Полочн. индекс | 81я43 |
| x | Авторский знак | П 781 | ||
| 100 | 10 | a | Автор | Жилко Ф. Т. |
| 245 | 00 | a | Заглавие | Теоретические основы лингвистического картографирования |
| 650 | 04 | a | Основная рубрика | филологические науки; языкознание |
| 653 | 00 | a | Ключевые слова | лингвистический атлас |
| a | Ключевые слова | диалектные явления | ||
| a | Ключевые слова | история языкознания | ||
| a | Ключевые слова | картографические средства | ||
| a | Ключевые слова | лингвистическая география | ||
| a | Ключевые слова | методы | ||
| a | Ключевые слова | московская школа лингвистической географии | ||
| a | Ключевые слова | направления | ||
| a | Ключевые слова | общее | ||
| a | Ключевые слова | романское направление | ||
| a | Ключевые слова | теория лингвистического картографирования | ||
| a | Ключевые слова | территориальные диалекты | ||
| a | Ключевые слова | школы лингвистической географии | ||
| a | Ключевые слова | языковая структура | ||
| 773 | 00 | d | Дата издания источника | Москва, 1967 |
| g | Прочая информация | С. 138-143 | ||
| t | Заглавие источника | Проблемы языкознания | ||
| w | Контрольный № источника | RU/IS/BASE/102085341 | ||
| 901 | t | Тип документа | a |